[Event "Vlaams kampioenschap 17"]
[Site "KGSRL"]
[Date "2017.05.28"]
[Round "7.5"]
[White "Ghyselen, Wouter"]
[Black "Bomans, Arno"]
[Result "1/2-1/2"]
[WhiteElo "2152"]
[BlackElo "2274"]
[PlyCount "96"]
[EventDate "2017.??.??"]

1. d4 f5 2. g3 Nf6 3. Bg2 g6 4. Nf3 Bg7 5. O-O O-O 6. b3 d6 7. Bb2 Qe8 8. c4
Na6 9. Nbd2 c6 10. Qb1 Kh8 11. a3 Rb8 12. e4 b5 13. e5 Ne4 14. cxb5 Rxb5 15. b4
c5 16. Nxe4 fxe4 17. Qxe4 cxb4 18. exd6 exd6 19. Qxe8 Rxe8 20. Rfe1 Rf8 21. Re7
bxa3 22. Bxa3 Nb4 23. Bxb4 Rxb4 24. Ng5 Rxd4 25. h4 h6 26. Raxa7 Rd1+ 27. Kh2
hxg5 28. Rxg7 Rxf2 29. Rge7 Kg8 30. Re8+ Rf8 31. Rxf8+ Kxf8 32. Ra8 Rc1 33. Bb7
Rc2+ 34. Kg1 Rc1+ 35. Kf2 Rc2+ 36. Ke1 gxh4 37. gxh4 Kg7 38. Rxc8 Rxc8 39. Bxc8
g5 40. h5 g4 41. Bxg4 d5 42. Kd2 d4 43. Kd3 Kh8 44. Kxd4 Kg7 45. Ke5 Kh8 46.
Kf6 Kg8 47. h6 Kh7 48. Bf5+ Kxh6 1/2-1/2

[Event "Vlaams kampioenschap 17"]
[Site "KGSRL"]
[Date "2017.05.28"]
[Round "7.7"]
[White "Van Capellen, Jonas"]
[Black "Todts, Benny"]
[Result "1/2-1/2"]
[WhiteElo "2187"]
[BlackElo "2008"]
[PlyCount "40"]
[EventDate "2017.??.??"]

1. d4 c5 2. d5 Nf6 3. Nc3 g6 4. e4 d6 5. Bb5+ Bd7 6. a4 Bg7 7. f4 O-O 8. Nf3
Na6 9. O-O Nc7 10. Bc4 Rb8 11. e5 Nfe8 12. Qe1 Bf5 13. Qe2 Bg4 14. Re1 a6 15.
a5 b5 16. axb6 Rxb6 17. h3 Bxf3 18. Qxf3 Nb5 19. Nd1 Nd4 20. Qf2 Qc7 1/2-1/2

[Event "Vlaams kampioenschap 17"]
[Site "KGSRL"]
[Date "2017.05.28"]
[Round "7.10"]
[White "Goossens, Hanne"]
[Black "Moerman, Thomas"]
[Result "1-0"]
[WhiteElo "2149"]
[BlackElo "1784"]
[PlyCount "63"]
[EventDate "2017.??.??"]

1. e4 c5 2. Nf3 e6 3. d4 cxd4 4. Nxd4 Nc6 5. Nc3 Qc7 6. Be3 a6 7. Be2 Nf6 8.
O-O Bb4 9. Na4 Be7 10. Nxc6 bxc6 11. Nb6 Rb8 12. Nxc8 Qxc8 13. Bd4 O-O 14. Qd3
c5 15. Bc3 d5 16. exd5 Nxd5 17. Be5 Rb6 18. b3 Rd8 19. Qg3 f6 20. Bb2 Bd6 21.
Qf3 Rb4 22. g3 Rb6 23. Bc4 Bb8 24. Qg4 Kh8 25. Rfe1 Rbd6 26. Rad1 Nc7 27. Rxd6
Rxd6 28. Qh5 Qd7 29. Bd3 f5 30. Be5 Rb6 31. Bxf5 Qd2 32. Qxh7# 1-0

[Event "Vlaams kampioenschap 17"]
[Site "KGSRL"]
[Date "2017.05.28"]
[Round "7.11"]
[White "Peeters, Tim"]
[Black "Maerevoet, Sim"]
[Result "1-0"]
[WhiteElo "2008"]
[BlackElo "2025"]
[PlyCount "113"]
[EventDate "2017.??.??"]

1. d4 d6 2. e4 Nf6 3. f3 c5 4. d5 e6 5. c4 b5 6. dxe6 fxe6 7. e5 Nfd7 8. exd6
bxc4 9. Nc3 Bb7 10. Be3 Nc6 11. Qd2 Ba6 12. Nge2 Nde5 13. Nf4 Qxd6 14. Qxd6
Bxd6 15. Nxe6 Nb4 16. O-O-O Nbd3+ 17. Kb1 Kf7 18. Ng5+ Kg6 19. h4 h5 20. Nd5
Rhd8 21. g4 Rab8 22. gxh5+ Kxh5 23. f4 Ng4 24. Rd2 Bb7 25. Be2 Bxd5 26. Rg1
Bxf4 27. Bxg4+ Kh6 28. Rxd3 Bxe3 29. Rxe3 Rf8 30. Bf3 Bxf3 31. Nxf3 Rbe8 32.
Rge1 Rxe3 33. Rxe3 Kh5 34. Kc2 Rf4 35. Kd2 Kg4 36. Ke2 g6 37. Rc3 Re4+ 38. Kf2
Rf4 39. Rxc4 Rxc4 40. Ne5+ Kxh4 41. Nxc4 Kg4 42. Ke3 Kf5 43. Nd6+ Ke5 44. Ne4
Kd5 45. Kd3 c4+ 46. Ke3 a6 47. a3 a5 48. Ng5 Kc5 49. Nf3 Kd5 50. Nd2 g5 51. Ne4
g4 52. Nf6+ Kc5 53. Nxg4 c3 54. bxc3 Kc4 55. Kd2 Kb3 56. Ne3 Kxa3 57. Kc2 1-0

[Event "Vlaams kampioenschap 17"]
[Site "KGSRL"]
[Date "2017.05.28"]
[Round "7.12"]
[White "Van de Wynkele, Eric"]
[Black "Van de Wynkele, Rudy"]
[Result "0-1"]
[WhiteElo "2011"]
[BlackElo "1938"]
[PlyCount "92"]
[EventDate "2017.??.??"]

1. e4 g6 2. Nc3 Bg7 3. g3 c5 4. Bg2 Nc6 5. d3 e6 6. Be3 d6 7. Qd2 Rb8 8. a4 b6
9. Rb1 a6 10. f4 Qc7 11. Nf3 Nge7 12. Nh4 O-O 13. b3 f5 14. O-O Nd4 15. Nd1 b5
16. c3 Ndc6 17. axb5 axb5 18. Nf2 b4 19. cxb4 Rxb4 20. Rfc1 Qb8 21. e5 Nd4 22.
exd6 Qxd6 23. Qa2 Nd5 24. Bd2 Ne2+ 25. Kh1 Nxc1 26. Rxc1 Rb6 27. Nf3 Bb7 28.
Ne5 Nb4 29. Qa5 Bxg2+ 30. Kxg2 Rc8 31. Kh3 Bxe5 32. fxe5 Qb8 33. Rxc5 Rxc5 34.
Qxc5 Nd5 35. Bh6 Qd8 36. d4 g5 37. Qa3 g4+ 38. Kg2 Nb4 39. Qa7 Qd5+ 40. Kg1 Qb7
41. Qa4 Kf7 42. Qa3 Ra6 43. Qc1 Qc6 44. Qf1 Qc3 45. Nd1 Qxd4+ 46. Be3 Qxe5 0-1

[Event "Vlaams kampioenschap 17"]
[Site "KGSRL"]
[Date "2017.05.28"]
[Round "7.13"]
[White "Verheyen, Olivier"]
[Black "Versyck, Dominique"]
[Result "0-1"]
[WhiteElo "1695"]
[BlackElo "2010"]
[PlyCount "84"]
[EventDate "2017.??.??"]

1. e4 e6 2. d4 d5 3. Bd3 c5 4. c3 Nc6 5. Nf3 cxd4 6. cxd4 dxe4 7. Bxe4 Nf6 8.
Bc2 Bd7 9. a3 Bd6 10. O-O Qc7 11. Nc3 Ne7 12. Ne4 Nxe4 13. Bxe4 Bc6 14. Bxc6+
Qxc6 15. Be3 O-O 16. Rc1 Qd5 17. Qd3 Rfd8 18. Ng5 Ng6 19. Rcd1 Be7 20. Ne4 Rd7
21. Nc3 Qh5 22. Qe4 Rad8 23. f4 Nh4 24. Rd2 a6 25. Rfd1 Qf5 26. Bf2 Qxe4 27.
Nxe4 Nf5 28. Kf1 Kf8 29. Ke2 Nh6 30. Nc5 Rc7 31. b4 Ng4 32. Bg1 Nf6 33. Rc1
Rdc8 34. Rdc2 Bd6 35. Kd3 Bxf4 36. Re1 Ke7 37. Rf2 Bd6 38. h3 Bg3 39. Ree2 Bxf2
40. Bxf2 b6 41. Na4 Nd5 42. Bg3 Rc3+ 0-1